| 000 | 01230nam a2200289 i 4500 | ||
|---|---|---|---|
| 003 | EG-ScBUE | ||
| 005 | 20240221124317.0 | ||
| 008 | 100629s1963 le f 001 0 ara d | ||
| 040 |
_aEG-ScBUE _bara _erda _cEG-ScBUE _dEG-ScBUE |
||
| 043 | _ae------ | ||
| 082 | 0 | 4 |
_222 _a940.28 _bب ر و |
| 100 | 1 |
_915448 _aبرون ، جيفري، _d1898-1988، _eمؤلف. |
|
| 240 | 1 | 0 |
_aNinrteenth century European civilization 1815-1914. _lArabic |
| 245 | 1 | 2 |
_aالحضارة الأوروبية : _bفي القرن التاسع عشر 1815 - 1914 / _cتأليف جفري برون ؛ ترجمة عبلة حجاب. |
| 264 | 1 |
_aبيروت : _bمنشورات المكتبة الأهلية، _c1963. |
|
| 300 |
_a249 صفحة ؛ _c24 سم |
||
| 336 |
_2rdacontent _aنص _btxt |
||
| 337 |
_aبدون وسيط _2rdamedia _bn |
||
| 338 |
_aمجلد _bnc _2rdacarrier |
||
| 500 | _aيشتمل على كشافات. | ||
| 541 | _aألف باء ؛ | ||
| 546 | _aالنص باللغة العربية وتم ترجمته من اللغة الإنجليزية. | ||
| 651 | 7 |
_2BUEsh _aأوروبا _xتاريخ _yقرن 19. |
|
| 655 | _vReading book | ||
| 700 | 1 |
_915452 _aحجاب، عبلة، _eمترجم. |
|
| 942 |
_2ddc _cBB |
||
| 999 |
_c14291 _d14291 |
||